| 000 | nam a22 7a 4500 | ||
|---|---|---|---|
| 999 |
_c28666 _d28665 |
||
| 003 | OSt | ||
| 005 | 20170528210457.0 | ||
| 008 | 170528b xxu||||| |||| 00| 0 eng d | ||
| 020 | _a9782035202154 | ||
| 040 |
_aMMU _beng _cMMU _dMMU |
||
| 050 | _aREF PQ 2246 .L37 2005 | ||
| 245 |
_aLarousse du College: _bLe Dictionnaire Des 11 - 15 ans/ |
||
| 260 |
_aParis: _bLarousse, _c2005. |
||
| 942 |
_2lcc _cREFERENCE |
||